000 00656nam a22002297a 4500
999 _c1052
_d1052
001 000833
003 CoMeUDC000833
005 20190130165941.0
008 920825s1991 ck a r 00010 spa d
015 _ack-1991-xxxx
035 _aAEN9338 LA
040 _ala
_cCoMeUDC
041 0 _aspa
082 0 4 _a515.1
_bV35c
_219 ed.
100 1 _aVľez Moreno, Luis Alfonso.
245 1 0 _aCl̀culo de confiabilidad /
_cLuis Alfonso Vľez Moreno.
260 _aMedelln̕ :
_bUniversidad Nacional de Colombia. Departamento de Matemt̀icas,
_c1991.
300 _a86 p. :
_bil. ;
_c24 cm.
650 6 _aCl̀culo.
942 _2ddc
_cBK
949 _ac
_bn